Countries Whose Capitals Are Closest To Their Center - Statistics

General Stats
  • This quiz has been taken 19 times
  • The average score is 5 of 12
Answer Stats
Distance Country % Correct
4 Spain
88%
82.1 Poland
65%
18.2 Colombia
53%
199 Iran
47%
143 Turkey
47%
186 Sudan
41%
119 Ethiopia
35%
157 France
35%
117.5 Kenya
35%
188 Thailand
29%
156 Germany
18%
190 Myanmar
12%
No matching quizzes found
Score Distribution
Percent of People with Each Score
Percentile by Number Answered
Your Score History
You have not taken this quiz